|
|
|
|
| LEADER |
00000nam a2200000 a 4500 |
| 001 |
vtls001340547 |
| 003 |
SK-MaSNL |
| 005 |
20260301114553.0 |
| 008 |
251031s1998 xo 0 cze |
| 015 |
|
|
|a SNBJ1998/03-01874
|
| 035 |
|
|
|a SNK000293639
|
| 040 |
|
|
|a SNK
|b slo
|c SNK
|e AACR2
|
| 041 |
0 |
|
|a cze
|
| 044 |
|
|
|a xo
|c SK
|
| 080 |
|
|
|a 791.43(73)(086.8)
|2 1981
|
| 240 |
1 |
0 |
|a The Minion
|l Česky
|
| 245 |
1 |
|
|a Lukas
|h videozáznam
|b ve jménu dobra, ve jménu řádu Temlářů
|c réžia Jean-Marc Piché
|
| 260 |
|
|
|a Bratislava
|b Intersonic
|c 1998
|
| 300 |
|
|
|a 1 videokazeta (97 min.)
|b stereo, fareb., VHS systém PAL
|c 10x19 cm
|
| 511 |
|
|
|a Hrajú: Dolph Lundgren (Lukas), Francoise Robertsonová (Karen), Rocc Lafortune
|
| 521 |
|
|
|a Mládeži do do 15 r. nevhodné
|
| 650 |
0 |
7 |
|a filmy akčné
|x videokazety
|2 SNK
|9 283651
|
| 655 |
|
7 |
|a videokazety
|2 SNK
|9 70726
|
| 700 |
1 |
|
|a Piché, Jean-Marc
|4 aud
|9 458238
|
| 700 |
1 |
|
|a Lundgren, Dolph
|4 uci
|9 284177
|
| 700 |
1 |
|
|a Robertson, Françoise
|4 uci
|9 107468
|
| 700 |
1 |
|
|a Lafortune, Rocc
|4 uci
|9 458239
|
| 999 |
|
|
|c 718962
|d 720892
|
| 952 |
|
|
|t P65, <07>, [BOOK], {657}
|a SNK
|b SNK
|y PREZ
|7 0
|p 17A0153151
|o snkSVC 1098
|i snkJK 354/98
|0 0
|1 0
|4 0
|d 1998-08-27
|l 0
|r 2005-01-02 00:00:00
|w 2026-02-23
|